Coupes du Monde de Football: URSS - Statistiques

Statistiques générales
  • Ce quiz a été pris 64 fois
  • Le résultat moyen est 17 sur 24
Statistiques - réponses
Réponse % Correct
France
98%
RFA
95%
Argentine
90%
Brésil
88%
Italie
88%
Suède
86%
Yougoslavie
83%
Chili
81%
Portugal
81%
Angleterre
79%
Belgique
79%
Hongrie
76%
Mexique
74%
Uruguay
74%
Canada
69%
Autriche
66%
Pologne
66%
Cameroun
59%
Colombie
57%
Ecosse
53%
Corée du Nord
48%
Roumanie
48%
Nouvelle-Zélande
28%
Salvador
26%
Aucun quiz correspondant
Distribution des résultats
% des personnes avec chaque résultat
Percentile par nombre de réponses
Votre historique - résultats
Vous n’avez pas pris ce quiz